| 000 | 00667cam a2200193 4500 | ||
|---|---|---|---|
| 008 | 000000n2000 000 0 eng u | ||
| 035 | _a(Sirsi) u106072 | ||
| 245 | _aClimate change will affect construction costs | ||
| 260 | _c2000 | ||
| 490 |
_aNew Civil Engineer _v(1355) 19 May 2000 6(1) |
||
| 520 | _aExperts predict that construction costs will be driven up by between 1 and 5% to guard against extreme storms and drier summers etc. | ||
| 590 | _aWB | ||
| 650 | _aCONSTRUCTION COSTS | ||
| 650 | _aGLOBAL WARMING | ||
| 650 | _aENVIRONMENTAL RESOURCES MANAGEMENT | ||
| 650 | _aCLIMATE CHANGE | ||
| 690 | _aBUILT ENVIRONMENT-BUILDING COSTS | ||
| 942 | _n0 | ||
| 999 |
_c63540 _d63540 |
||